|
|
|
|
| LEADER |
00000nam0a2200000 4500 |
| 001 |
103005 |
| 005 |
20231031113207.0 |
| 010 |
|
|
|a 5756703772
|
| 035 |
|
|
|a (RuTPU)RU\TPU\book\111057
|
| 090 |
|
|
|a 103005
|
| 100 |
|
|
|a 20061010d2005 m y0rusy50 ca
|
| 101 |
0 |
|
|a rus
|
| 102 |
|
|
|a RU
|
| 105 |
|
|
|a y j 001zy
|
| 200 |
1 |
|
|a Введение в языковедение
|e учебник для вузов
|f А. А. Реформатский
|
| 205 |
|
|
|a 5-е изд., испр.
|
| 210 |
|
|
|a Москва
|c Аспект пресс
|d 2005
|
| 215 |
|
|
|a 536 с.
|
| 225 |
1 |
|
|a Классический учебник
|
| 320 |
|
|
|a Библиография в конце глав.
|
| 320 |
|
|
|a Предметный указатель: с. 519-536.
|
| 330 |
|
|
|a Книга содержит развернутые сведения по всем основным разделам языкознания и может служить не только стандартным учебником, но и ценным справочником по вопросам общего языкознания.
|
| 451 |
|
1 |
|0 (RuTPU)RU\TPU\book\158929
|y 978-5-7567-0377-1
|t Введение в языковедение
|o учебник для вузов
|f А. А. Реформатский
|e 5-е изд., испр.
|c М.
|n Аспект пресс
|d 2007
|p 536 с.
|a Реформатский, Александр Александрович
|
| 451 |
|
1 |
|0 (RuTPU)RU\TPU\book\56896
|y 5-7567-0202-4
|t Введение в языковедение
|o учебник для вузов
|f А. А. Реформатский
|c М.
|n Аспект Пресс
|d 2002
|p 536 с.
|s Классический учебник
|a Реформатский, Александр Александрович
|
| 610 |
1 |
|
|a языкознание
|
| 610 |
1 |
|
|a языковедение
|
| 610 |
1 |
|
|a языки
|
| 610 |
1 |
|
|a лексикология
|
| 610 |
1 |
|
|a фонетика
|
| 610 |
1 |
|
|a грамматика
|
| 610 |
1 |
|
|a письмо
|
| 610 |
1 |
|
|a классификация
|
| 610 |
1 |
|
|a происхождение
|
| 610 |
1 |
|
|a учебники
|
| 686 |
|
|
|a Ш10я73
|v LBC/SL-A
|2 rubbk
|
| 700 |
|
1 |
|a Реформатский
|b А. А.
|g Александр Александрович
|
| 801 |
|
1 |
|a RU
|b 63413507
|c 20061010
|g PSBO
|
| 801 |
|
2 |
|a RU
|b 63413507
|c 20190118
|g PSBO
|
| 900 |
|
|
|a Введение в языкознание
|
| 900 |
|
|
|a Фонетика
|
| 900 |
|
|
|a Лексикология
|
| 900 |
|
|
|a Грамматика
|
| 942 |
|
|
|c BK
|
| 952 |
|
|
|b 030000
|b 031001
|
| 959 |
|
|
|a 87/20060921
|d 2
|e 0
|f АНЛ:1
|f НФ:1
|